[Event "Catalunya-chT Gp2"]
[Site "Barcelona"]
[Date "2022.03.12"]
[Round "8.10"]
[White "Blasco Cusido, Francesco"]
[Black "Diaz Comas, Jordi"]
[Result "1/2-1/2"]
[WhiteElo "1979"]
[BlackElo "1819"]
[PlyCount "25"]
[EventDate "2022.01.22"]
[EventType "team-tourn"]
[EventRounds "9"]
[EventCountry "ESP"]
[SourceTitle "CBM 208 Extra"]
[Source "ChessBase"]
[SourceDate "2022.07.31"]
[SourceVersion "1"]
[SourceVersionDate "2022.07.31"]
[SourceQuality "1"]
[WhiteTeam "Valls"]
[BlackTeam "Platja D'Aro"]
[WhiteTeamCountry "ESP"]
[BlackTeamCountry "ESP"]

1. e4 Nc6 2. d4 e5 3. d5 Nce7 4. Nf3 Ng6 5. c4 Nf6 6. Nc3 Bb4 7. Qc2 Bxc3+ 8. bxc3 d6 9. Be2 b6 10. 0-0 0-0 11. h3 Qe7 12. Be3 Nh5 13. Rfe1 1/2-1/2

[Event "Barcelona Sants op 21st"]
[Site "Barcelona"]
[Date "2019.08.25"]
[Round "3"]
[White "Rius Colomer, Luis Albert"]
[Black "Blasco Cusido, Francesco"]
[Result "1/2-1/2"]
[WhiteElo "1849"]
[BlackElo "1928"]
[PlyCount "26"]
[EventDate "2019.08.23"]
[EventType "swiss"]
[EventRounds "10"]
[EventCountry "ESP"]
[SourceTitle "EXT 2020"]
[Source "ChessBase"]
[SourceDate "2019.10.17"]
[SourceVersion "1"]
[SourceVersionDate "2019.10.17"]
[SourceQuality "1"]

1. d4 Nf6 2. c4 e6 3. Nc3 d5 4. cxd5 exd5 5. Bg5 c6 6. Qc2 Be7 7. e3 0-0 8. Nf3 Be6 9. Bd3 Nbd7 10. 0-0 h6 11. Bh4 Bg4 12. Nd2 c5 13. f3 cxd4 1/2-1/2

[Event "La Pobla de Lillet op-A 29th"]
[Site "La Pobla de Lillet"]
[Date "2019.08.05"]
[Round "4"]
[White "Cervello Tost, Roger"]
[Black "Blasco Cusido, Francesco"]
[Result "1-0"]
[WhiteElo "2041"]
[BlackElo "1928"]
[PlyCount "120"]
[EventDate "2019.08.02"]
[EventType "swiss"]
[EventRounds "9"]
[EventCountry "ESP"]
[SourceTitle "EXT 2022"]
[Source "ChessBase"]
[SourceDate "2021.10.06"]
[SourceVersion "1"]
[SourceVersionDate "2021.10.06"]
[SourceQuality "1"]

1. e4 c5 2. d4 cxd4 3. c3 dxc3 4. Nxc3 Nc6 5. Nf3 e6 6. Bc4 d6 7. 0-0 Be7 8. Qe2 Nf6 9. Rd1 e5 10. h3 0-0 11. Bg5 Be6 12. Nb5 a6 13. Bxf6 axb5 14. Bxe7 Qxe7 15. Bd5 Bd7 16. Qe3 Ra6 17. Qd2 Qf6 18. Kh2 h6 19. Rac1 Rc8 20. Rc3 Rd8 21. Rd3 Bc8 22. Bxc6 Rxc6 23. Rd5 Be6 24. Rxb5 Rd7 25. Qe3 Kh7 26. g3 g5 27. g4 Rc2 28. Rd2 Rxd2 29. Nxd2 Rc7 30. Rb6 Bxa2 31. b3 Rc2 32. Kg2 Qe7 33. Nc4 Qc7 34. Nxd6 Rc3 35. Rxb7 Qxb7 36. Qxc3 Qxb3 37. Qxe5 Qe6 38. Qd4 Bb1 39. f3 Qa2+ 40. Kg3 Qe2 41. Nxf7 Qe1+ 42. Qf2 Qc1 43. Kg2 Qc7 44. Qb2 Qxf7 45. Qxb1 Qf4 46. Qb7+ Kh8 47. Qc8+ Kg7 48. Qd7+ Kh8 49. Qd8+ Kg7 50. Qd4+ Kg6 51. Qd5 Qe3 52. Qe6+ Kh7 53. Qf7+ Kh8 54. Qf6+ Kh7 55. Qb2 Qf4 56. e5 Qe3 57. Qc2+ Kg7 58. Qc7+ Kg6 59. Qc6+ Kg7 60. Qb7+ Kg6 1-0

[Event "La Pobla de Lillet op 22nd"]
[Site "La Pobla de Lillet"]
[Date "2012.08.02"]
[Round "2"]
[White "Aranda Marin, Cristian"]
[Black "Blasco Cusido, Francesco"]
[Result "1-0"]
[WhiteElo "2324"]
[BlackElo "1934"]
[PlyCount "55"]
[EventDate "2012.08.01"]
[EventType "swiss"]
[EventRounds "9"]
[EventCountry "ESP"]
[SourceTitle "CBM 149 Extra"]
[Source "ChessBase"]
[SourceDate "2012.08.24"]
[SourceVersion "1"]
[SourceVersionDate "2012.08.24"]
[SourceQuality "1"]

1. c4 e5 2. d3 Nf6 3. e3 d5 4. cxd5 Nxd5 5. a3 c5 6. Nf3 Nc6 7. Nbd2 Bd6 8. Qc2 0-0 9. Be2 b6 10. b3 Bb7 11. Bb2 Rc8 12. 0-0 Kh8 13. Nc4 Qe7 14. Nxd6 Qxd6 15. Rad1 f5 16. Nd2 Qg6 17. Bf3 Rcd8 18. Qc4 Na5 19. Qh4 Qe6 20. Nc4 Nc6 21. Qg3 f4 22. Qg5 Rf5 23. Qg4 Nf6 24. Qh3 Bc8 25. exf4 Nd4 26. Bxd4 Rxd4 27. fxe5 Nd5 28. Be4 1-0

[Event "Vilafranca del Penedes op 6th"]
[Site "Vilafranca del Penedes"]
[Date "2012.04.27"]
[Round "3"]
[White "Rodriguez Becerro, Miquel"]
[Black "Blasco Cusido, Francesco"]
[Result "1/2-1/2"]
[WhiteElo "2100"]
[BlackElo "1931"]
[PlyCount "58"]
[EventDate "2012.04.13"]
[EventType "swiss"]
[EventRounds "8"]
[EventCountry "ESP"]
[SourceTitle "CBM 148 Extra"]
[Source "ChessBase"]
[SourceDate "2012.06.22"]
[SourceVersion "1"]
[SourceVersionDate "2012.06.22"]
[SourceQuality "1"]

1. Nf3 c5 2. g3 Nc6 3. Bg2 g6 4. e4 Bg7 5. 0-0 d6 6. d3 e5 7. Nc3 Nge7 8. Bg5 h6 9. Be3 0-0 10. Nd2 f5 11. exf5 Nxf5 12. Nd5 Be6 13. a4 Nce7 14. c4 Qd7 15. Rb1 Rab8 16. b4 b6 17. b5 Nxe3 18. fxe3 Rxf1+ 19. Qxf1 Rf8 20. Qe2 Nxd5 21. cxd5 Bg4 22. Qe1 h5 23. Ne4 Bh6 24. Rb2 Bf5 25. Nf2 Bg4 26. Ne4 Bf5 27. Nf2 Bg4 28. Rc2 Kg7 29. Ne4 Bf5 1/2-1/2

[Event "Tarragona op 7th"]
[Site "Tarragona"]
[Date "2006.08.19"]
[Round "1"]
[White "Blasco Cusido, Francesco"]
[Black "Oms Pallisse, Josep"]
[Result "0-1"]
[WhiteElo "1918"]
[BlackElo "2511"]
[PlyCount "74"]
[EventDate "2006.08.19"]
[EventType "swiss"]
[EventRounds "9"]
[EventCountry "ESP"]
[SourceTitle "EXT 2007"]
[Source "ChessBase"]
[SourceDate "2006.11.23"]
[SourceVersion "1"]
[SourceVersionDate "2006.11.23"]
[SourceQuality "1"]

1. e4 c5 2. Nf3 e6 3. Nc3 a6 4. g3 Nc6 5. Bg2 d6 6. 0-0 Nf6 7. d3 Be7 8. Ng5 h6 9. Nh3 Qc7 10. f4 b6 11. Kh1 Nd7 12. Ne2 Bb7 13. c3 0-0 14. g4 d5 15. Ng3 Rfd8 16. g5 hxg5 17. Nxg5 Bxg5 18. fxg5 dxe4 19. Nxe4 Nde5 20. Qh5 Ng6 21. Rf3 Nce5 22. Bf4 Bxe4 23. dxe4 Nxf4 24. Rxf4 Ng6 25. Rf3 Nf4 26. Qg4 e5 27. Rf2 g6 28. Rd1 Rxd1+ 29. Qxd1 Qe7 30. h4 Kg7 31. Rd2 Rh8 32. Qg4 Rd8 33. Rd1 Rxd1+ 34. Qxd1 Qe6 35. Qd8 Qg4 36. Qf6+ Kg8 37. Qd8+ Kh7 0-1

[Event "Bajada de la Virgen op 3rd"]
[Site "Santa Cruz de La Palma"]
[Date "2005.06.13"]
[Round "1"]
[White "Blasco Cusido, Francesco"]
[Black "Tissir, Mohamed"]
[Result "0-1"]
[WhiteElo "1942"]
[BlackElo "2442"]
[PlyCount "84"]
[EventDate "2005.06.13"]
[EventType "swiss"]
[EventRounds "9"]
[EventCountry "ESP"]
[SourceTitle "CBM 106 Extra"]
[Source "ChessBase"]
[SourceDate "2005.07.01"]
[SourceVersion "1"]
[SourceVersionDate "2005.07.01"]
[SourceQuality "1"]

1. e4 c5 2. Nf3 Nc6 3. Bb5 a6 4. Bxc6 dxc6 5. 0-0 Bg4 6. d3 Qc7 7. Be3 e5 8. Nbd2 Nf6 9. h3 Bh5 10. Qe1 Nd7 11. Nh2 f6 12. f4 0-0-0 13. Nb3 exf4 14. Bxf4 Bd6 15. Bxd6 Qxd6 16. Qf2 Rhe8 17. Rae1 Kb8 18. Nd2 Ne5 19. Nhf3 Bxf3 20. Nxf3 Nxf3+ 21. Qxf3 Qd4+ 22. Qe3 Qxb2 23. Qxc5 Re5 24. Qc4 Qd4+ 25. Qxd4 Rxd4 26. Rb1 Ra4 27. Rb2 Rb5 28. Rxb5 axb5 29. Ra1 Rb4 30. c3 Ra4 31. a3 c5 32. Kf2 b4 33. cxb4 cxb4 34. d4 bxa3 35. Ke3 Kc7 36. Kd3 Kd6 37. g4 a2 38. h4 g6 39. h5 g5 40. Kc3 h6 41. Kd3 b5 42. Kc3 Ke6 0-1